Korak (Record no. 325)

MARC details
000 -LÍDER
campo de controle de tamanho fixo 01560nam a2200325 4500
001 - NÚMERO DE CONTROLE
campo de controle 325
003 - IDENTIFICADOR DO NÚMERO DE CONTROLE
campo de controle OSt
005 - DATA E HORÁRIO DA ÚLTIMA TRANSAÇÃO
campo de controle 20250528074018.0
008 - CAMPO DE DADOS FIXOS--INFORMAÇÃO GERAL
campo de controle de tamanho fixo 250327b |||||||g |||| 00| 1 eng d
040 ## - FONTE DA CATALOGAÇÃO
Idioma da catalogação por
041 ## - CÓDIGO DE IDIOMA
Código do idioma do original e/ou traduções intermediárias do texto eng
Código do idioma do texto/trilha sonora ou título diferente por
082 ## - CDD - CLASSIFICAÇÃO DECIMAL DE DEWEY
Número de Classificação 028.5
Número do exemplar B972k
100 1# - ENTRADA PRINCIPAL--NOME PESSOAL
Nome pessoal Burroughs, Edgar Rice,
Datas associadas ao nome 1875-1950
9 (RLIN) 665
240 ## - TÍTULO UNIFORME
Título uniforme Korak The son of Tarzan, n° 02
245 ## - TÍTULO
Título Korak
Restante do título O filho de Tarzan, n° 02 /
Indicação de responsabilidade, etc. Burroughs, Edgar Rice ; História de Len Wein
260 ## - PUBLICAÇÃO, DISTRIBUIÇÃO, ETC.
Local de publicação, distribuição, etc. São Paulo
Nome do editor, distribuidor, etc. EBAL
Data da publicação, distribuição, etc. 1976
300 ## - DESCRIÇÃO FÍSICA
Extensão 34 p.
Outros detalhes físicos il.
490 1# - TÍTULO DA SÉRIE
Título da série Korak O filho de Tarzan
Número do volume ou designação sequencial da série vol. 02
520 ## - NOTA DE RESUMO, ETC.
Resumo, etc. Jack apareceu pela primeira vez como uma criança no romance Eternal Love (mais tarde renomeado para The Eternal Savage), em que o Homem Macaco e sua família desempenham papéis secundários. Sua próxima aparição (ainda como uma criança) foi em The Beasts of Tarzan, o terceiro romance Tarzan, em que ele foi raptado e levado para a África. A história de sua juventude e de crescimento para a maturidade foi contada no quarto romance, O Filho de Tarzan, em que ele retornou à África e viveu na selva, levando pela primeira vez o nome Korak ("Assassino", na língua mangani). A maioria das referências a ele foram como "Korak o assassino."<br/><br/>
650 #0 - ASSUNTO--TERMO TÓPICO
Cabeçalho tópico ou nome geográfico Literatura Americana
9 (RLIN) 84
650 #0 - ASSUNTO--TERMO TÓPICO
Cabeçalho tópico ou nome geográfico Infantojuvenil
9 (RLIN) 200
650 #0 - ASSUNTO--TERMO TÓPICO
Cabeçalho tópico ou nome geográfico Aventura
9 (RLIN) 47
650 #0 - ASSUNTO--TERMO TÓPICO
Cabeçalho tópico ou nome geográfico Ação
9 (RLIN) 64
650 #0 - ASSUNTO--TERMO TÓPICO
Cabeçalho tópico ou nome geográfico Selva
9 (RLIN) 666
655 #0 - TERMO DE ÍNDICE--GÊNERO E FORMA
Gênero/forma/ou termo foco HQs
655 #0 - TERMO DE ÍNDICE--GÊNERO E FORMA
Gênero/forma/ou termo foco Ficção
700 ## - ENTRADA ADICIONADA - NOME PESSOAL
Nome pessoal Len Wein
Função do autor por extenso História
9 (RLIN) 667
830 ## - ENTRADA SECUNDÁRIA DE SÉRIE--TÍTULO UNIFORME
Título uniforme Korak O filho de Tarzan
Número do volume ou designação sequencial da série vol. 02
9 (RLIN) 668
942 ## - ELEMENTOS DE ENTRADA ADICIONADOS (KOHA)
Fonte de classificação ou esquema de arquivamento Classificação decimal de Dewey
Ocultar no OPAC Não
Tipo de material Koha Livros
Holdings
Situação do descarte Situação das perdas Fonte de classificação ou esquema de arquivamento Materiais especificados (volume encadernado ou outra parte) Status danificado Não pode ser emprestado Coleção Biblioteca de origem Biblioteca atual Localização na estante Data de aquisição Total de empréstimos Número de chamada completo Código de barras Data de último acesso Data do preço efetivo Tipo de material Koha
    Classificação decimal de Dewey vol. 02     HQs, Gibis e Mangás Biblioteca Professor Eduardo Afonso de Castro Biblioteca Professor Eduardo Afonso de Castro HQs, Gibis e Mangás 27.03.2025   IJ 028.5 / B972k 2025-17278 27.03.2025 27.03.2025 Livros

Powered by Koha